000 00632nam a2200241Ia 4500
003 OSt
005 20220928135447.0
006 a|||||r|||| 00| 0
007 ta
008 220927b |||||||| |||| 00| 0 eng d
024 _a2291
037 _cTextual
040 _aSDCL
_cSDCL
_beng
041 _2eng
_aeng
082 _aX:51-8, L8
100 _aBritt Steuart Henderson
_9393961
245 0 _aMarketing management and administrative action
250 _a4
260 _c1978
700 _a Boyd Harper W
942 _hX:51-8, L8
_cTEXL
_2CC
999 _c806102
_d806102